20 years of Pakistan in statistics, 1947-1967. (Record no. 84129)

MARC details
000 -LEADER
fixed length control field 00600nam a22002171 4500
001 - CONTROL NUMBER
control field sa 68011815
003 - CONTROL NUMBER IDENTIFIER
control field DLC
005 - DATE AND TIME OF LATEST TRANSACTION
control field 20260227112604.0
008 - FIXED-LENGTH DATA ELEMENTS--GENERAL INFORMATION
fixed length control field 711115s1968 pk ab s 00000 eng
010 ## - LIBRARY OF CONGRESS CONTROL NUMBER
LC control number sa 68011815
043 ## - GEOGRAPHIC AREA CODE
Geographic area code a-pk---
050 0# - LIBRARY OF CONGRESS CALL NUMBER
Classification number HA1730.5
Item number .A52
082 ## - DEWEY DECIMAL CLASSIFICATION NUMBER
Classification number 315.49
110 10 - MAIN ENTRY--CORPORATE NAME
Corporate name or jurisdiction name as entry element Pakistan.
Subordinate unit Central Statistical Office.
245 10 - TITLE STATEMENT
Title 20 years of Pakistan in statistics, 1947-1967.
260 0# - PUBLICATION, DISTRIBUTION, ETC.
Place of publication, distribution, etc. Karachi,
Name of publisher, distributor, etc. Manager of Publications
Date of publication, distribution, etc. [1968]
300 ## - PHYSICAL DESCRIPTION
Extent xiv, 333 p.
Other physical details illus., maps.
Dimensions 25 cm.
350 ## - PRICE (NR) (BK AM CF MU VM SE) [OBSOLETE]
Price 8.50
500 ## - GENERAL NOTE
General note Cover title.
651 #0 - SUBJECT ADDED ENTRY--GEOGRAPHIC NAME
Geographic name Pakistan
General subdivision Statistics.

No items available.

Powered by Koha